Normal view
MARC view
Entry Topical Term
001 - CONTROL NUMBER
- control field: 28906
003 - CONTROL NUMBER IDENTIFIER
- control field: OSt
005 - DATE AND TIME OF LATEST TRANSACTION
- control field: 20230809102121.0
008 - FIXED-LENGTH DATA ELEMENTS
- fixed length control field: 230809|| aca||aabn | a|a d
040 ## - CATALOGING SOURCE
- Original cataloging agency: OSt
- Transcribing agency: OSt
150 ## - HEADING--TOPICAL TERM
- Topical term or geographic name entry element: သုတ်ႉတၼ်ႇတပိတၵ
670 ## - SOURCE DATA FOUND
- Source citation: Work cat.: (OSt)26446: ပၢၼ်းသႅင်း(ဝၢၼ်ႈၸိင်း - မိူင်းၼွင်)၊ ၶူးမေႃလိၵ်ႈ၊ သြႃႇ။ 28905, ၸိင်ႇတႃႇမၼိၵႃႇထႃႇ လႄႈ ပရိပိတ်တၸႃႇလသုတ်ႈ သွင်ပပ်ႉႁူမ်ႈၵၼ် ဢွင်ႇၶျၢမ်းသႃႇရတၼႃႇၸု /, 1996။